Normal view
MARC view
- توراة- صهيونية
Entry Topical Term
001 - CONTROL NUMBER
- control field: 38378
003 - CONTROL NUMBER IDENTIFIER
- control field: JO-AjAnu
005 - DATE AND TIME OF LATEST TRANSACTION
- control field: 20230606080406.0
008 - FIXED-LENGTH DATA ELEMENTS
- fixed length control field: 230606|| aca||aabn | a|a d
040 ## - CATALOGING SOURCE
- Original cataloging agency: JO-AjAnu
- Transcribing agency: JO-AjAnu
150 ## - HEADING--TOPICAL TERM
- Topical term or geographic name entry element: توراة- صهيونية
670 ## - SOURCE DATA FOUND
- Source citation: Work cat.: (JO-AjAnu)19687: كنعان، جورجي, author 38377, وثيقة الصهيونية في العهد القديم